|
|
|
|
| LEADER |
00000nam a22000007a 4500 |
| 005 |
20140819130132.0 |
| 007 |
cr|||| |||| |
| 008 |
140819s2014 es |||||s|||| 00||0 spa d |
| 035 |
|
|
|a 12094
|
| 040 |
|
|
|a vLex
|
| 090 |
|
|
|c 5121
|d 5121
|
| 100 |
1 |
|
|a Faus, Manuel
|
| 245 |
1 |
0 |
|a Prc̀tico Contratos Civiles
|h [Recurso electrn̤ico] /
|c Manuel Faus
|
| 256 |
|
|
|a Servicio en ln̕ea
|
| 260 |
|
|
|a Barcelona:
|b Vlex,
|c 2014
|
| 300 |
|
|
|a 1 recurso electrn̤ico
|
| 500 |
|
|
|a Herramienta esencial de consulta en el m̀bito de contratacin̤ civil. Todos los tipos de contratos civiles y las especialidades existentes en el derecho foral. Incluye referencias al m̀bito fiscal y se complementa con la doctrina destacada a texto completo, jurisprudencia, legislacin̤ y modelos de formularios esenciales y actualizados para cada tipo de contrato.
|
| 506 |
1 |
|
|a Disponible solo en los productos indicados
|d vLex Global
|d vLex Global (Academic Edition, excluding Law Schools)
|d vLex Global (U.S. Academic Edition, Law Schools)
|d vLex Global (U.S. Academic Edition, excluding Law Schools)
|d vLex Global (Academic Edition, Law Schools)
|
| 650 |
0 |
4 |
|a Derecho Civil
|z Espaą
|
| 740 |
0 |
|
|a vLex Libros (Servicio en ln̕ea)
|
| 856 |
4 |
0 |
|u http://app.vlex.com/#ES.contratos_civiles/browse
|z Acceso restringido
|
| 942 |
|
|
|c BOOK
|
| 999 |
0 |
|
|a Civil Law
|